| 000 | 01218cam a2200337 a 4500 | ||
|---|---|---|---|
| 001 | 2582599 | ||
| 003 | NUST-PNEC | ||
| 005 | 20170116180740.0 | ||
| 008 | 960503s1997 inu 001 0 eng d | ||
| 010 | _a 96068241 | ||
| 020 | _a1575211238 | ||
| 020 | _a817635015X | ||
| 035 | _a(OCoLC)36864986 | ||
| 035 | _a487420 | ||
| 040 | _cPNEC | ||
| 042 | _alccopycat | ||
| 050 | 0 | 0 |
_aQA76.625 _b.H63 1997 |
| 082 | 0 | 0 |
_a005.756 HOB _221 |
| 100 | 1 | _aHobbs, Ashton. | |
| 245 | 1 | 0 |
_aTeach yourself database programming with JDBC in 21 days / _cAshton Hobbs. |
| 246 | 3 | _aDatabase programming with JDBC in 21 days | |
| 250 | _a1st ed. | ||
| 260 |
_aIndianapolis, Ind. : _bSams.net, _cc1997. |
||
| 300 |
_axxvii, 524 p. ; _c23 cm. |
||
| 500 | _aIncludes index. | ||
| 650 | 0 |
_aDatabase management. _xMIS, Computer |
|
| 856 | _uhttp://www.amazon.com/Teach-Yourself-Database-Programming-Jdbc/dp/1575211238/ref=sr_1_1?s=books&ie=UTF8&qid=1418510243&sr=1-1&keywords=teach+yourself+database+programming+with+JDBC | ||
| 906 |
_a7 _bcbc _ccopycat _d2 _eopcn _f19 _gy-gencatlg |
||
| 942 |
_2ddc _cBK |
||
| 999 |
_c62162 _d62162 |
||